Responses for Show #4038 - Wednesday, March 6, 2002

Jason McCune game 2.

Contestants

[<< previous game]

Sam Mink, an engineer from Norwalk, Connecticut

Anne Scott, a community newspaper editor from Katy, Texas

Jason McCune, an actor originally from Jasper, Indiana (whose 1-day cash winnings total $12,241)

[next game >>]

Jeopardy! Round responses

CANADIAN GEOGRAPHY
INTERNAL RHYMES
(Alex: Rhymes within a word, like "solo", for instance.)
WOMEN WRITERS
TIME
FLIES
WHEN YOU'RE HAVING FUN
(Alex: Doesn't it?)
    $200 9
Niagara Falls

Anne
    $200 21
a kiwi

Jason
    $200 4
Jane Austen

Anne
    $200 14
spring & fall

Jason
    $200 26
Antarctica

Anne
    $200 1
World War I

Sam
    $400 10
New Brunswick

Sam
    $400 22
(Jason: Who are the Hutu?)
(Sam: [*]? Who are [*]?)

the Zulu

JasonSam
    $400 5
Charlotte Bronte

Anne
    $400 15
(Anne: What is April?)

June

JasonAnne
    $400 27
the Revolutionary War

Sam
    $400 2
"Pin the tail on the donkey"

Jason
    $600 11
Hudson Bay

Anne
    $600 23
a hobo

Anne
    $600 6
Margaret Atwood

Triple Stumper
    $600 18
a leap year

Anne
    $600 28
sleeping sickness

Anne
    $600 3
Scrabble

Anne
    $800 12
Toronto

Sam
    $800 24
(Jason: [Imitating Yogi] What is [*]?)
(Alex: [Imitating Yogi] Yup!)
[Laughter]

picnic

Jason
    $1,000 7
(Alex: You know your women writers.)

Toni Morrison

Anne
    $800 19
7 P.M.

Anne
    $800 29
the housefly

Anne
    $800 16
darts

Sam
    $1000 13
(Jason: Who is Paddington?)
...
(Alex: The bear is Winnie-the-Pooh; the city is [*].)

Winnipeg

Jason
Triple Stumper
    $1000 25
(Alex: What is [*]? And that's why they are still gainfully employed on our show.)[Laughter]
(Alex: A minute to go now, Jason.)
(Jason: TIME FLIES for $200.)
(Alex: You mean FLIES for $200.)

to kowtow

Triple Stumper
    $1000 8
Colette

Anne
    $1000 20
the stars

Anne
    $1000 30
fruit flies

Sam
    $1000 17
baseball

Jason

Scores at the first commercial break (after clue 15):

Jason Anne Sam
$0 $3,600 $1,400

Scores at the end of the Jeopardy! Round:

Jason Anne Sam
$1,600 $8,200 $4,000

Double Jeopardy! Round responses

THE CIVIL WAR
LEO
RELIGIOUS PLACES
BEASTLY CINEMA
U.S. GOVERNMENT
"AZ" I WAS SAYING...
    $400 2
cotton

Sam
    $400 7
Leonardo DiCaprio

Jason
    $400 12
Westminster Abbey

Jason
    $400 1
"The Elephant Man"

Anne
    $400 18
(Alex: That would be [*]--[*] & Wildlife Service.)

Fish

Triple Stumper
    $400 17
the Aztecs

Anne
    $800 3
(Alex: They were [*]-loading rifles, so [*].)

the breach

Triple Stumper
    $800 8
(Sam: [*]--Who is [*]?)

Leo Durocher

Sam
    $800 24
(Sam: What is Buddha?)
...
(Alex: It is [*], not the Buddha. Less than a minute now, Jason.)

a Pagoda

Sam
Triple Stumper
    $800 13
"To Kill a Mockingbird"

Jason
    $800 19
United States Coast Guard

Jason
    $800 20
azure

Jason
    $1200 4
(George) Pickett

Jason
    $2,000 9
Leo Tolstoy

Sam
    $1200 25
a convent

Sam
    $1200 14
"Dog Day Afternoon"

Jason
    $1200 28
Nuclear

Sam
    $5,200 21
Azalea

Jason
    $1600 5
Admiral (David) Farragut

Sam
    $1600 10
(Alex: And the Leo this time was [*]; hence the [*] guitar or the [*] bass.)

Leo Fender

Triple Stumper
    $1600 26
(Anne: What are catacombs?)

a crypt

Anne
Triple Stumper
    $1600 15
Cat on a Hot Tin Roof

Sam
    $1600 29
the Freedom of Information Act

Sam
    $1600 22
the Azores

Jason
    $2000 6
(Anne: Who is Grant?)
...
(Alex: She narrowed it down, and you might have been wise to take a guess on [*].)

General (William T.) Sherman

Anne
Triple Stumper
    $2000 11
Leo Buscaglia

Sam
    $2000 27
(Alex: Affusions with water, hence [*].)

the Baptistry

Triple Stumper
    $2000 16
(Jason: What is Animal Crackers?)
(Anne: What is Duck Soup?)

Horse Feathers

JasonAnneSam
    $2000 30
volunteer

Anne
    $2000 23
the Azimuth

Jason

Scores at the end of the Double Jeopardy! Round:

Jason Anne Sam
$14,000 $5,400 $17,600

[wagering suggestions for these scores]

Final Jeopardy! Round responses

TELEVISION
(Alex: [To Anne] Yes, Eric was better known as "Hoss", and Joe was "Little Joe".)
AnneWhat is Bonanza?
$5,299
JasonWhat is Bonanza?
$14,000
SamWhat
$10,500
Bonanza

Final scores:

Jason Anne Sam
$28,000 $10,699 $7,100
2-day champion: $40,241 2nd place: a trip to Mazatlan, Mexico 3rd place: a trip to Florida

Game dynamics:

Coryat scores:

Jason Anne Sam
$10,000 $5,200 $16,800
16 R
(including 1 DD),
3 W
17 R
(including 1 DD),
4 W
17 R
(including 1 DD),
1 W

Combined Coryat: $32,000

[game clues] [game scores] [suggest correction]

Game tape date: 2001-12-04
The J! Archive is created by fans, for fans. Scraping, republication, monetization, and malicious use prohibited; this site may use cookies and collect identifying information. See terms. The Jeopardy! game show and all elements thereof, including but not limited to copyright and trademark thereto, are the property of Jeopardy Productions, Inc. and are protected under law. This website is not affiliated with, sponsored by, or operated by Jeopardy Productions, Inc. Join the discussion at JBoard.tv.